000 00686nam a2200217Ia 4500
003 IN-BaIIA
008 211028s9999 xx 000 0 eng d
020 _a978-81-7371-764-2
040 _cIIA Library
080 _a629.76(540)
_bMAN
100 _aManoranjan Rao, P. V
_935304
245 2 _aA Brief history of rocketry in ISRO
_cP. V. Manoranjan Rao and P. Radhakrishnan
260 _aHyderabad
_bUniversities Press
_c2012
300 _axxii, 369p.
650 _aGSLV
_935305
650 _aIndian Space Research Organization(ISRO)
_935306
650 _aPSLV
_935307
650 _aRockets and missile engineering in India
_935308
700 _aRadhakrishnan, P
_935309
942 _cBK
999 _c18398
_d18398